| 000 | 00629cam a22001935a 4500 | ||
|---|---|---|---|
| 001 | L157245 | ||
| 008 | 121004q1870 xxk f 000 0 eng d | ||
| 035 | _a(Sirsi) u157245 | ||
| 041 | 0 | _aeng | |
| 110 | 2 |
_aOrdnance Survey _91860 |
|
| 245 | 0 | 0 | _aGeneral survey of England and Wales |
| 260 |
_aLondon _bW. Mudge _c[1870?] |
||
| 300 |
_a2 v. _bmaps _c68 cm. |
||
| 520 | _aReprints of numbered series of maps, nos. 1-55 (vol. 1) and nos. 56-110 (vol. 2). Originals dated 1809-1869. | ||
| 583 |
_aCondition reviewed _c20120620 _lcondition level 4 |
||
| 651 | 4 |
_aEngland and Wales _y1543- |
|
| 690 |
_aGeomatics _96242 |
||
| 942 | _n0 | ||
| 999 |
_c114672 _d114672 |
||